Online Catalogue and eLibrary

Social Theory and the Politics of Identity (Record no. 1037)

MARC details
000 -LEADER
fixed length control field 00526nam a2200205Ia 4500
005 - DATE AND TIME OF LATEST TRANSACTION
control field 20250312064147.0
008 - FIXED-LENGTH DATA ELEMENTS--GENERAL INFORMATION
fixed length control field 240331s9999 xx 000 0 und d
020 ## - INTERNATIONAL STANDARD BOOK NUMBER
ISBN 155786473X
082 ## - DDC Classification
Class No. 301
Item Number - Author Mark SOC
DDC Edition Number 2549
245 #0 - TITLE STATEMENT
Title Social Theory and the Politics of Identity
260 ## - PUBLICATION, DISTRIBUTION, ETC.
Place of publication, distribution, etc. Massachusetts;
-- Oxford,
Name of publisher, distributor, etc. Blackwell Publishers
Date of publication, distribution, etc. 1994
300 ## - PHYSICAL DESCRIPTION
Extent (e.g. Volumes, Pages etc.) ix, 350 p.,
650 ## - SUBJECT ADDED ENTRY--TOPICAL TERM
Topical term or geographic name entry element Politics
650 ## - SUBJECT ADDED ENTRY--TOPICAL TERM
Topical term or geographic name entry element Society
650 ## - SUBJECT ADDED ENTRY--TOPICAL TERM
Topical term or geographic name entry element History
650 ## - SUBJECT ADDED ENTRY--TOPICAL TERM
Topical term or geographic name entry element Marxism
650 ## - SUBJECT ADDED ENTRY--TOPICAL TERM
Topical term or geographic name entry element Psychoanalysis
700 ## - ADDED ENTRY--PERSONAL NAME
Personal name Calhoun, C
Relator term (Role) Editor
942 ## - Koha item type (Biblio)
Koha item type Books in Stacks (Lending)
Holdings
Lost status Damaged status Collection code Home library Current library Shelving location Date acquired Full call number Accession Number Item type
    Lending WERC Library WERC Library Social Science Cupboard 03/31/2024 301 SOC 2549 Books in Stacks (Lending)

© WERC Library